Tareas y perspectivas del Estado nacional panameño hacia el siglo XXI /

Tallennettuna:
Bibliografiset tiedot
Päätekijä: Candanedo, Miguel Angel
Aineistotyyppi: Teksti
Aiheet:
Tagit: Lisää tagi
Ei tageja, Lisää ensimmäinen tagi!

MARC

LEADER 00000 a a2200000 04500
001 18428
003
040
100 |a Candanedo, Miguel Angel  
245 |a Tareas y perspectivas del Estado nacional panameño hacia el siglo XXI /  |c Miguel Angel Candanedo 
650 |a ESTADO  
650 |a INTERVENCION DEL ESTADO  
650 |a TEORIA POLITICA  
650 |a AMERICA CENTRAL  
773 |g número 104; páginas 11-32  
999 |c 32634  |d 32634